Aprender a hacer: la importancia de las prácticas profesionales docentes (Record no. 178239)
[ view plain ]
| 000 -CABECERA | |
|---|---|
| campo de control de longitud fija | 02001nab a2200337 a 4500 |
| 005 - FECHA Y HORA DE LA ÚLTIMA TRANSACCIÓN | |
| campo de control | 20260120114614.0 |
| 008 - ELEMENTOS DE LONGITUD FIJA--INFORMACIÓN GENERAL | |
| campo de control de longitud fija | 991125c2014 ve qr p o 000 0 spa d |
| 035 ## - NÚMERO DE CONTROL DEL SISTEMA | |
| Número de control de sistema | UPN01000206138 |
| 040 ## - FUENTE DE LA CATALOGACIÓN | |
| Centro catalogador/agencia de origen | MX-MxUPN |
| Lengua de catalogación | spa |
| Centro/agencia transcriptor | MX-MxUPN |
| Normas de descripción | aacr2 |
| 049 ## - COLECCIÓN | |
| Colección | ART-E |
| 100 1# - ASIENTO PRINCIPAL--NOMBRE PERSONAL | |
| Nombre de persona | Jiménez Yáñez, César Enrique |
| 100 1# - ASIENTO PRINCIPAL--NOMBRE PERSONAL | |
| Filiación | jimenez.cesar@uabc.edu.mx |
| 100 1# - ASIENTO PRINCIPAL--NOMBRE PERSONAL | |
| Nombre de persona | Martínez Soto, Yessica |
| 100 1# - ASIENTO PRINCIPAL--NOMBRE PERSONAL | |
| Filiación | yessicams@uabc.edu.mx |
| 100 1# - ASIENTO PRINCIPAL--NOMBRE PERSONAL | |
| Nombre de persona | Rodríguez Domínguez, Norma A. |
| 100 1# - ASIENTO PRINCIPAL--NOMBRE PERSONAL | |
| Filiación | yerihacegaba@hotmail.com |
| 100 1# - ASIENTO PRINCIPAL--NOMBRE PERSONAL | |
| Nombre de persona | Padilla Hacegaba, Guadalupe Yerania |
| 100 1# - ASIENTO PRINCIPAL--NOMBRE PERSONAL | |
| Filiación | rodriguezn9@uabc.edu.mx |
| 245 10 - MENCIÓN DE TÍTULO | |
| Título | Aprender a hacer: la importancia de las prácticas profesionales docentes |
| 506 0# - NOTA DE RESTRICCIONES AL ACCESO | |
| Limitaciones de acceso | Acceso abierto |
| 520 3# - NOTA DE RESUMEN, ETC. | |
| Sumario, etc. | Con el objetivo de entender y analizar la contribución de la práctica profesional docente y su relación con la formación integral del estudiante en el plano de las competencias en la Facultad de Pedagogía e Innovación Educativa de la Universidad Autónoma de Baja California, realizamos una investigación de carácter exploratorio que nos permitió conocer la estructura y funcionamiento administrativo y académico de éstas. Para realizar la investigación trabajamos con los documentos oficiales que la Facultad utiliza para normar y registrar este proceso, y compartimos con los docentes y alumnos involucrados para establecer el punto de vista de éstos en relación con el proceso. Esta sistematización nos permitió establecer criterios de análisis para presentar propuestas que apoyen al mejor desarrollo de las prácticas profesionales docentes. |
| 650 #4 - ASIENTO SECUNDARIO DE MATERIA - TERMINO TEMATICO | |
| Término de materia o nombre geográfico como elemento de entrada | Formación profesional |
| 9 (RLIN) | 9108 |
| 650 #4 - ASIENTO SECUNDARIO DE MATERIA - TERMINO TEMATICO | |
| Término de materia o nombre geográfico como elemento de entrada | Educación superior |
| 9 (RLIN) | 32 |
| 653 0# - TERMINO DE INDIZACION - NO CONTROLADO | |
| Término no controlado | Prácticas profesionalesd |
| 653 0# - TERMINO DE INDIZACION - NO CONTROLADO | |
| Término no controlado | Docencia |
| 773 ## - ENLACE AL DOCUMENTO FUENTE/ENTRADA DE REGISTRO ANFITRIÓN | |
| Parte(s) relacionada(s) | No. 61 (2014), p. 429-438 |
| Título | Educere : revista venezolana de educación |
| Número Internacional Normalizado para Publicaciones Seriadas | 1316-4910 |
| 856 4# - LOCALIZACIÓN Y ACCESO ELECTRÓNICOS | |
| Identificador Uniforme del Recurso | <a href="https://dialnet.unirioja.es/servlet/articulo?codigo=6508441">https://dialnet.unirioja.es/servlet/articulo?codigo=6508441</a> |
| 902 ## - ELEMENTOS DE DATOS B LOCAL, LDB (RLIN) | |
| Creó | Gloria Jiménez/200126 |
| 905 ## - TIPO DE MATERIAL | |
| Tipo de material | Articulo |
| 942 ## - ELEMENTOS DE PUNTO DE ACCESO ADICIONAL (KOHA) | |
| Tipo de ítem Koha | Artículo Electrónico |
| Estado de retiro | Estado de pérdida | Estado dañado | No para préstamo | Código de colección | Localización permanente | Ubicación/localización actual | Ubicación en estantería | Fecha de adquisición | Total de préstamos | Fecha visto por última vez | Identificador Uniforme del Recurso | Precio válido a partir de | Tipo de ítem Koha |
|---|---|---|---|---|---|---|---|---|---|---|---|---|---|
| Acceso abierto | Bib. Gregorio Torres Quintero | Bib. Gregorio Torres Quintero | En línea | 20/01/2026 | 20/01/2026 | https://dialnet.unirioja.es/servlet/articulo?codigo=6508441 | 20/01/2026 | Artículo Electrónico |
